| 000 | 00351nam a2200145Ia 4500 | ||
|---|---|---|---|
| 008 | 150201s2008 xx 000 0 und d | ||
| 082 |
_a614.1 _bC08P |
||
| 100 | _aPILLAY,V.V. | ||
| 245 | _aCOMPREHENSIVE MEDICAL TOXICOLOGY | ||
| 250 | _a2ND | ||
| 260 |
_bPARAS _aHYDERABAD _c2008 |
||
| 300 | _a1-1202 | ||
| 650 | _aFORENSIC MEDICINE | ||
| 942 |
_2ddc _cBK |
||
| 999 |
_c1234 _d1234 |
||